[Event "GER-chT U20"]
[Site "Berlin"]
[Date "2005.12.28"]
[Round "4.5"]
[White "Rosenstein, Wadim"]
[Black "Witte, Stefan"]
[Result "0-1"]
[WhiteElo "1831"]
[BlackElo "1981"]
[PlyCount "76"]
[EventDate "2005.12.27"]
[EventType "team-swiss"]
[EventRounds "7"]
[EventCountry "GER"]
[SourceTitle "EXT 2022"]
[Source "ChessBase"]
[SourceDate "2021.10.06"]
[SourceVersion "1"]
[SourceVersionDate "2021.10.06"]
[SourceQuality "1"]
[WhiteTeam "Koeln Muelheim U20"]
[BlackTeam "Heilbronn U20"]
[WhiteTeamCountry "GER"]
[BlackTeamCountry "GER"]

1. e4 c5 2. Nf3 e6 3. d4 cxd4 4. Nxd4 a6 5. Bd3 Qc7 6. Nc3 Nf6 7. 0-0 b5 8. Be3 Bb7 9. Qd2 b4 10. Nce2 Nxe4 11. Bxe4 Bxe4 12. Ng3 Bb7 13. Rac1 Nc6 14. c3 bxc3 15. Rxc3 Bb4 16. Rxc6 Qxc6 17. Nxc6 Bxd2 18. Bxd2 Bxc6 19. Bc3 f6 20. Rd1 Rb8 21. Ne2 Kf7 22. Nd4 Bd5 23. a3 Bc4 24. f3 g6 25. Rd2 Rhc8 26. Nc2 d5 27. f4 Rb7 28. Ne3 h5 29. Nc2 Re7 30. Ne1 e5 31. fxe5 fxe5 32. Nf3 d4 33. Bb4 Ree8 34. Ng5+ Kg7 35. Ne4 Rc6 36. Nd6 Rb8 37. Rc2 Bd5 38. Re2 Rd8 0-1

[Event "Wuertemberg-ch U16"]
[Site "Germany"]
[Date "2004.04.15"]
[Round "5"]
[White "Plenca, Julian"]
[Black "Witte, Stefan"]
[Result "1-0"]
[WhiteElo "1896"]
[BlackElo "1610"]
[PlyCount "67"]
[EventDate "2004.04.??"]
[EventType "swiss"]
[EventRounds "7"]
[EventCountry "GER"]
[SourceTitle "EXT 2005"]
[Source "ChessBase"]
[SourceDate "2004.11.15"]
[SourceVersion "1"]
[SourceVersionDate "2004.11.15"]
[SourceQuality "1"]

1. e4 c6 2. d4 d5 3. e5 Bf5 4. Nc3 e6 5. g4 Bg6 6. Nge2 Bb4 7. Nf4 Be4 8. Rg1 Bg6 9. Bd2 Nh6 10. Bd3 Bxd3 11. Nxd3 Be7 12. Nf4 Nd7 13. Nh5 Bf8 14. Qf3 g6 15. Nf6+ Nxf6 16. exf6 Ng8 17. g5 h6 18. h4 Qb6 19. Qd3 Bd6 20. 0-0-0 0-0-0 21. Rde1 Qc7 22. Qf3 e5 23. dxe5 Bxe5 24. Qg4+ Rd7 25. f4 h5 26. Qh3 Bxf6 27. gxf6 Nxf6 28. Qf3 Re7 29. f5 Ng4 30. Bf4 Qd7 31. Nb5 b6 32. Qc3 Rg8 33. Rxe7 Qxe7 34. Qxc6+ 1-0

[Event "GER-chT U16"]
[Site "Greifswald"]
[Date "2003.12.29"]
[Round "5.3"]
[White "Krutwig, Longlong"]
[Black "Witte, Stefan"]
[Result "1-0"]
[WhiteElo "1928"]
[BlackElo "1470"]
[PlyCount "81"]
[EventDate "2003.12.27"]
[EventType "team-swiss"]
[EventRounds "7"]
[EventCountry "GER"]
[SourceTitle "EXT 2022"]
[Source "ChessBase"]
[SourceDate "2021.10.06"]
[SourceVersion "1"]
[SourceVersionDate "2021.10.06"]
[SourceQuality "1"]
[WhiteTeam "Koeln Muelheim U16"]
[BlackTeam "Heilbronn U16"]
[WhiteTeamCountry "GER"]
[BlackTeamCountry "GER"]

1. d4 Nf6 2. Nf3 d5 3. Bf4 e6 4. e3 Bd6 5. c3 0-0 6. Bd3 Nc6 7. 0-0 Re8 8. Nbd2 e5 9. dxe5 Nxe5 10. Nxe5 Bxe5 11. Bg5 Bxh2+ 12. Kxh2 Ng4+ 13. Qxg4 Bxg4 14. Bxd8 Raxd8 15. Kg3 h5 16. Rh1 g6 17. Rae1 c5 18. f3 Be6 19. Rh4 c4 20. Bc2 b5 21. Rd1 Rd7 22. Rd4 Red8 23. Kf4 Kg7 24. a4 a6 25. axb5 axb5 26. e4 f6 27. Ke3 Kf7 28. exd5 Rxd5 29. Ne4 Ke7 30. Nc5 Re5+ 31. Be4 Rc8 32. Nxe6 Rxe6 33. Rd7+ Ke8 34. Kf4 f5 35. Rh7 Rf6 36. Bd5 Rf8 37. Bf7+ Ke7 38. Bxg6+ Ke6 39. Re1+ Kd6 40. Bxf5 Rc5 41. Re6+ 1-0

[Event "Wuerttemberg-ch U16"]
[Site "Stuttgart"]
[Date "2003.04.24"]
[Round "4"]
[White "Witte, Stefan"]
[Black "Stoll, Matthias"]
[Result "1-0"]
[WhiteElo "1607"]
[BlackElo "1224"]
[PlyCount "79"]
[EventDate "2003.04.??"]
[EventType "swiss"]
[EventRounds "7"]
[EventCountry "GER"]
[SourceTitle "EXT 2005"]
[Source "ChessBase"]
[SourceDate "2004.11.15"]
[SourceVersion "1"]
[SourceVersionDate "2004.11.15"]
[SourceQuality "1"]

1. e4 e5 2. Nf3 Nc6 3. Bc4 Bc5 4. c3 d6 5. d4 exd4 6. cxd4 Bb6 7. Nc3 Nf6 8. Bg5 h6 9. Bh4 0-0 10. 0-0 Bg4 11. d5 Ne5 12. Be2 Ng6 13. Bxf6 Qxf6 14. Na4 Bxf3 15. Bxf3 Bd4 16. Rb1 Rfe8 17. Nc3 a6 18. Qd2 Be5 19. Be2 Qh4 20. g3 Qh3 21. Qd1 Nh4 22. Bf3 Rf8 23. Bh1 f5 24. f4 Bxc3 25. bxc3 Ng6 26. Bg2 Qg4 27. Bf3 Qh3 28. Rxb7 Rab8 29. Rxb8 Rxb8 30. Qe2 Nf8 31. c4 g5 32. exf5 Qxf5 33. fxg5 Qxg5 34. Bh5 Qg7 35. Qe4 Kh8 36. Qf4 Nh7 37. Qe4 Nf8 38. Rf7 Qg8 39. Qd4+ Qg7 40. Qxg7# 1-0

[Event "Wuerttemberg-ch U16"]
[Site "Stuttgart"]
[Date "2003.04.23"]
[Round "3"]
[White "Jacobi, Simon"]
[Black "Witte, Stefan"]
[Result "1-0"]
[WhiteElo "1502"]
[BlackElo "1607"]
[PlyCount "87"]
[EventDate "2003.04.??"]
[EventType "swiss"]
[EventRounds "7"]
[EventCountry "GER"]
[SourceTitle "EXT 2005"]
[Source "ChessBase"]
[SourceDate "2004.11.15"]
[SourceVersion "1"]
[SourceVersionDate "2004.11.15"]
[SourceQuality "1"]

1. c4 Nf6 2. g3 g6 3. Bg2 Bg7 4. Nf3 0-0 5. 0-0 d6 6. Nc3 e5 7. d3 Nc6 8. Rb1 a5 9. a3 Rb8 10. b4 axb4 11. axb4 Be6 12. b5 Ne7 13. Qc2 Nd7 14. Bd2 f5 15. Ng5 Bf7 16. Nxf7 Rxf7 17. Ra1 Nc5 18. Ra7 Nc8 19. Ra2 Nb6 20. Nd5 Kh8 21. Nxb6 cxb6 22. Bd5 Rf8 23. Ra7 Qe7 24. e3 Ne6 25. Bc3 Nc7 26. Rxb7 Rxb7 27. Bxb7 Nxb5 28. Bd5 Nxc3 29. Qxc3 e4 30. d4 g5 31. Qb4 Rb8 32. Ra1 h5 33. Ra6 Qc7 34. Qa3 Qd8 35. Ra7 Bf8 36. Rf7 Bg7 37. Qa7 Qg8 38. Rxg7 Qxg7 39. Qxb8+ Kh7 40. Qxb6 f4 41. Bxe4+ Kg8 42. Qd8+ Qf8 43. Qxf8+ Kxf8 44. gxf4 1-0

[Event "BEM-ch U12"]
[Site "Tamm"]
[Date "2000.01.28"]
[Round "1"]
[White "Szeitz, Marcel"]
[Black "Witte, Stefan"]
[Result "0-1"]
[WhiteElo "678"]
[BlackElo "858"]
[PlyCount "104"]
[EventDate "2000.01.29"]
[EventType "swiss"]
[EventRounds "5"]
[EventCountry "GER"]
[SourceTitle "EXT 2003"]
[Source "ChessBase"]
[SourceDate "2002.11.25"]
[SourceVersion "1"]
[SourceVersionDate "2002.11.25"]
[SourceQuality "1"]

1. e4 e6 2. Nf3 Nc6 3. Nc3 Nf6 4. Bb5 d5 5. exd5 exd5 6. Bxc6+ bxc6 7. Qe2+ Be7 8. Ne5 Bd7 9. Nxd7 Nxd7 10. 0-0 0-0 11. d3 Bg5 12. Bxg5 Qxg5 13. Qe3 Qxe3 14. fxe3 Rae8 15. Rae1 a5 16. Rf4 Nb6 17. Rg4 g6 18. Nd1 c5 19. Rf1 a4 20. Rf3 Ra8 21. Rh3 a3 22. b3 Rfe8 23. Rgh4 h5 24. Rf4 d4 25. e4 Nd5 26. exd5 Re1+ 27. Rf1 Rxf1+ 28. Kxf1 Rd8 29. c4 dxc3 30. Nxc3 f5 31. Rg3 Kg7 32. Nb5 Rxd5 33. Nxc7 Re5 34. Nb5 Kf6 35. Nxa3 g5 36. Rh3 h4 37. Nc2 f4 38. d4 cxd4 39. Nxd4 Rd5 40. Nf3 Rd1+ 41. Ke2 Ra1 42. b4 Rxa2+ 43. Kd3 Rxg2 44. b5 g4 45. Nxh4 gxh3 46. Nxg2 hxg2 47. b6 g1Q 48. b7 Qb1+ 49. Ke2 Qxb7 50. h4 f3+ 51. Kf1 Qb2 52. Kg1 Qg2# 0-1